00611nam a2200145Ia 4500008004100000050002300041100002900064245009900093260008600192300002800278521002700306942000700333999001900340952010600359140724s9999 xx 000 0 und d aTS 155b.C165 2011 aCalpo, Jerald Ephraim S. aSouthville International School and Colleges online grading system /cJerald Ephraim S. Calpo. aLas Piñas, Philippines :bSouthville International School and Colleges,cc2011. a38 p. :bill. ;c28 cm. aInformation Technology cTH c229274d229274 001040aCLbCLcTHESESd2014-07-24l0oTS 155 .C165 2011pT0628r2018-05-15 00:00:00w2014-07-24yTH